00672nam a2200205Ia 4500003000900000008004100009020001700050040001600067080002100083245005600104260003300160300001600193650001800209650004100227650002200268700002900290942000700319999001500326952012500341IN-BaIIA211028s9999 xx 000 0 eng d a0-08-01587-6 cIIA Library a047.1:52bVIA-13 0aVistas in astronomybvol. 13cedited by Arthur Beer aOxfordbPergamon Pressc1972 aviii, 299p. aAstronomy980 aAstronomy and Astrophysics Thesaurus aAstrophysics9794 aBeer, Arthur., ed.93137 cBK c4350d4350 00104070aBANbBANcGENd1974-02-02g171.00l0o047.1:52/ VIA-13p4856r2021-11-05v171.00w1974-02-02yBKGRs. 171.00